| 000 | 00490nam a22001937a 4500 | ||
|---|---|---|---|
| 003 | MPLRDC | ||
| 005 | 20220104194144.0 | ||
| 008 | 210129b ||||| |||| 00| 0 eng d | ||
| 020 | _a978-957-522-708-1 | ||
| 082 | _a868.71 ZYW-2 | ||
| 100 | _a钟怡雯 | ||
| 245 |
_a野半岛 _c |
||
| 250 | _a初版二刷 | ||
| 260 |
_a台湾 _b联合文学出版社股份有限公司 _c2007 |
||
| 300 | _b平 | ||
| 490 | _a联合文学: 395 | ||
| 650 | _a马华文学 | ||
| 942 |
_cBK _o868.71 ZYW-2 |
||
| 999 |
_c65539 _d65529 |
||